Instituciones y nueva gestión pública en América latina
Guardat en:
| Autor principal: | |
|---|---|
| Altres autors: | |
| Format: | Electrònic eBook |
| Idioma: | espanyol |
| Publicat: |
Barcelona :
Fundació CIDOB : Distribuido por Edicions Bellaterra,
c2005.
|
| Col·lecció: | Interrogar la actualidad. Serie América Latina.
|
| Matèries: | |
| Accés en línia: | Digitalia Hispánica |
| Etiquetes: |
Afegir etiqueta
Sense etiquetes, Sigues el primer a etiquetar aquest registre!
|
MARC
| LEADER | 00000nam a2200000Ii 4500 | ||
|---|---|---|---|
| 001 | DIGCIDOB009 | ||
| 003 | NyNyDIG | ||
| 006 | m o d | ||
| 007 | cr ||||||||||| | ||
| 008 | 131201s2005 sp ob 000 0 spa d | ||
| 020 | |z 9788487072574 | ||
| 020 | |z 8487072577 | ||
| 035 | |a (OCoLC)888261897 | ||
| 040 | |a DGITA |b eng |e pn |c DGITA | ||
| 043 | |a cl----- | ||
| 050 | 1 | 4 | |a JL959.5.O73 eBook |
| 100 | 1 | |a Ramió, Carles. | |
| 245 | 1 | 0 | |a Instituciones y nueva gestión pública en América latina |h [electronic resource] / |c Carles Ramió y Miquel Salvador. |
| 264 | 1 | |a Barcelona : |b Fundació CIDOB : |b Distribuido por Edicions Bellaterra, |c c2005. | |
| 300 | |a 1 online resource (247 pages) | ||
| 336 | |a text |b txt |2 rdacontent | ||
| 337 | |a computer |b c |2 rdamedia | ||
| 338 | |a online resource |b cr |2 rdacarrier | ||
| 490 | 1 | |a Interrogar la actualidad. Serie América Latina. | |
| 504 | |a Includes bibliographical references (p. [239]-247). | ||
| 650 | 0 | |a Administrative agencies |z Latin America |x Reorganization. | |
| 650 | 0 | |a Organizational change |z Latin America. | |
| 650 | 0 | |a Public administration |z Latin America. | |
| 655 | 0 | |a Electronic books. | |
| 700 | 1 | |a Salvador, Miquel. | |
| 791 | 2 | |a Digitalia (Firm), |e distributor. | |
| 830 | 0 | |a Interrogar la actualidad. |p Serie América Latina. | |
| 793 | 0 | |g Digitalia eBook Collection: |a Fundació CIDOB | |
| 856 | 4 | 0 | |3 Digitalia Hispánica |u https://digitalia.unach.elogim.com/a/19570/ |
| 910 | |a Premium Collection: 2007-2012 | ||